Missing Word: Sci-Fi Square II Quiz Stats

 Plays Quiz Updated Aug 27, 2013

Support Sporcle.
Go Orange.
Score 0/16 Timer 02:00
0 Plays Today
% Correct
Days
97.3%
Space
97%
Center
95.4%
Leagues
94.2%
Century
91.1%
Game
67.5%
Stranger
67%
Moon
55.4%
% Correct
Troopers
47.8%
End
27%
Earth
26.4%
Love
16.1%
Son
13%
Rama
11.8%
City
3.7%
Hope
2.6%

Today's Daily Dose

You're not logged in!

Compare scores with friends on all Sporcle quizzes.
OR
Log In

From the Vault

Border Checkup: Central America

by Ubbiebubbie

These countries always have to be the center of attention.
Remove Ads.
Support Sporcle.
Get the best of Sporcle when you Go Orange. This ad-free experience offers more features, more stats, and more fun while also helping to support Sporcle. Thank you for becoming a member.

Show Comments

Extras

Top Quizzes Today


Score Distribution

Your Account Isn't Verified!

In order to create a playlist on Sporcle, you need to verify the email address you used during registration. Go to your Sporcle Settings to finish the process.

Report this User

Report this user for behavior that violates our Community Guidelines.

Details: